Statistics for Countries With The Shortest Women

Click here to take the quiz!

General Stats

  • This quiz has been taken 20 times
  • The average score is 10 of 16

Answer Stats

Average Female Height (Cm)Country% Correct
152.6India
85%
151.8Philippines
85%
150.6Bangladesh
80%
152.4Cambodia
80%
152.2Vietnam
80%
150.8Nepal
75%
147.0Indonesia
70%
151.9Malaysia
65%
142.2Bolivia
60%
154.2Ecuador
60%
151.0Peru
60%
151.4Sri Lanka
55%
147.3Guatemala
50%
152.0Honduras
50%
153.7Nicaragua
50%
154.2Bahrain
5%

Score Distribution

Percentile by Number Answered

Percent of People with Each Score

Your Score History

You have not taken this quiz